000 00799nam a22002657i 4500
003 DO-SdBNP
005 20260116095110.0
007 ta
008 210317b 2020 dr 00| 0 eng d
020 _a9798607143282
040 _aDO-SdBNP
_bspa
_cBNPHU
_erda
041 _aspa
082 _axxx
_bC352c
_222
100 1 _aCastillo, Pelegrín,
_921834
_d1956-
_eautor
245 1 0 _aLa Constitución bajo ataque.../
_cPelegrín Castillo Semán
264 _aSanto Domingo :
_bArgos,
_c2020.
300 _a48 páginas ;
_c22 cm.
336 _ardacontent
_btexto
_2txt
337 _ardamedia
_bsin mediación
_2n
338 _ardacarrier
_bvolumen
_2nc
500 _aIncluye datos biográficos del autor en la contracubierta.
590 _aInventariado, 2021 /LP
910 _aDG
942 _2ddc
_cLBS1
999 _c49593
_d49593